| 000 | 01102nam a2200337 i 4500 | ||
|---|---|---|---|
| 003 | EG-GICUC | ||
| 005 | 20260307182133.0 | ||
| 008 | 260301s2002 ua ||||fr|||| 00| 0 eng d | ||
| 017 | _a6604 | ||
| 040 |
_aEG-GiCUC _beng _cEG-GiCUC _dEG-GiCUC _erda |
||
| 041 | _aeng | ||
| 082 | 0 | 4 |
_221 _a341.3 _bMO.E |
| 092 | 0 | 4 | _221 |
| 099 | _aLaw1 11 341.3 MO.E 2002 | ||
| 100 | 1 |
_a Mohammad Selim _eAuthor. |
|
| 245 |
_aThe Extra regional Environment of Egyptian Iranian Relations Opportunities and Risks / _cMohammad Selim . |
||
| 246 | 1 | _aالمحيط الإقليمى للعلاقات المصرية الإيرانية | |
| 264 |
_aCairo : _bCenter For Asian Studies , _c2002. |
||
| 300 |
_a30 pages , _c24 cm |
||
| 336 |
_2rda content _atext |
||
| 337 |
_2rda media _aComputer |
||
| 338 |
_2rda carrier _aOnline Resource |
||
| 490 |
_aAsian Monographs _vNo.46 |
||
| 546 | _aText in English | ||
| 650 | 1 | _aInternational relations | |
| 650 | 1 | _aInternational law | |
| 651 | 1 | _2qrmak | |
| 856 | 4 | 0 | _uhttps://fll.law.cu.edu.eg/fulltext/bks/B11-07985.pdf |
| 905 | _a60 | ||
| 942 |
_2ddc _cBK _e21 _n0 |
||
| 999 |
_c64546 _d64546 |
||